[Event "31st 4NCL Congress"]
[Site "Harrogate, North Yorkshire, ENG"]
[Date "2024.01.20"]
[Round "3.7"]
[White "Pal, Rohan"]
[Black "Shearsby, Jude"]
[Result "1-0"]
[WhiteElo "2111"]
[BlackElo "2196"]
[PlyCount "87"]
[EventDate "2024.01.19"]

1. c4 Nf6 2. g3 g6 3. Bg2 Bg7 4. Nc3 O-O 5. e4 d6 6. Nge2 c5 7. O-O Nc6 8. d3
a6 9. Rb1 Rb8 10. a4 Bd7 11. h3 h6 12. Be3 Ne8 13. d4 cxd4 14. Nxd4 Qc8 15.
Nxc6 bxc6 16. Kh2 Rb4 17. c5 Qb7 18. Qd2 Kh7 19. cxd6 Nxd6 20. Nb5 Rxa4 21.
Nxd6 exd6 22. Qxd6 Be6 23. f4 Qd7 24. Qxd7 Bxd7 25. e5 Rb8 26. Rbd1 Be6 27. Bd4
c5 28. Bc3 Bf8 29. Bd5 Bxd5 30. Rxd5 Ra2 31. h4 c4 32. Kh3 Rb7 33. Rd8 Bb4 34.
Bd4 Ba5 35. Rc8 Rc7 36. Rb8 Rd7 37. Rd1 g5 38. h5 Bd8 39. f5 Bc7 40. e6 Rxd4
41. Rxd4 g4+ 42. Kxg4 Ra5 43. exf7 Bxb8 44. f8=Q 1-0

[Event "31st 4NCL Congress"]
[Site "Harrogate, North Yorkshire, ENG"]
[Date "2024.01.20"]
[Round "3.8"]
[White "Murawski, Jan"]
[Black "Banerjee, Supratit"]
[Result "1/2-1/2"]
[WhiteElo "2101"]
[BlackElo "2176"]
[PlyCount "139"]
[EventDate "2024.01.19"]

1. d4 d5 2. c4 e6 3. Nc3 Be7 4. Nf3 Nf6 5. Bg5 O-O 6. e3 c6 7. Bd3 dxc4 8. Bxc4
Nd5 9. Bxe7 Qxe7 10. e4 Nxc3 11. bxc3 b5 12. Bd3 Bb7 13. e5 Nd7 14. O-O a6 15.
Qc2 h6 16. Be4 Nb6 17. Nd2 c5 18. dxc5 Bxe4 19. Nxe4 Nd7 20. f4 Nxc5 21. Nd6
Nb7 22. Rfd1 Rfd8 23. Qe4 Nxd6 24. Rxd6 Rxd6 25. exd6 Qa7+ 26. Kh1 Rd8 27. Qc6
Qa8 28. Qxa8 Rxa8 29. a4 Rc8 30. axb5 axb5 31. g3 Kf8 32. Ra7 Rd8 33. Rb7 Rxd6
34. Rxb5 Ke7 35. Rb7+ Kf6 36. Rb2 Rd1+ 37. Kg2 Rc1 38. Rb3 Rc2+ 39. Kh3 Kg6 40.
g4 f5 41. gxf5+ exf5 42. Rb6+ Kh5 43. Rc6 Rd2 44. Rc7 g5 45. fxg5 hxg5 46. Rh7+
Kg6 47. Rc7 Rd3+ 48. Kg2 g4 49. c4 Kg5 50. Rg7+ Kf4 51. Rf7 Rd2+ 52. Kg1 Rc2
53. Ra7 Rxc4 54. Ra2 Rc3 55. Kg2 Ke3 56. Ra8 f4 57. Re8+ Kd3 58. Rd8+ Ke2 59.
Re8+ Re3 60. Rf8 f3+ 61. Kg3 Kf1 62. Kxg4 f2 63. h4 Kg2 64. Rxf2+ Kxf2 65. h5
Re4+ 66. Kg5 Re5+ 67. Kg6 Kg3 68. h6 Kg4 69. h7 Re8 70. Kg7 1/2-1/2

[Event "31st 4NCL Congress"]
[Site "Harrogate, North Yorkshire, ENG"]
[Date "2024.01.20"]
[Round "3.9"]
[White "White, Stuart A"]
[Black "Booth, Steven B"]
[Result "1/2-1/2"]
[WhiteElo "2152"]
[BlackElo "1908"]
[PlyCount "81"]
[EventDate "2024.01.19"]

1. c4 c6 2. g3 d5 3. Nf3 Nf6 4. Bg2 Bf5 5. Qb3 Qb6 6. d3 e6 7. Be3 dxc4 8. Qxb6
axb6 9. dxc4 Nbd7 10. O-O Ng4 11. Bd4 c5 12. Bc3 Be4 13. Na3 Ngf6 14. Nb5 Rc8
15. Rad1 Be7 16. Bh3 O-O 17. Ne1 Rfd8 18. f3 Bc6 19. e4 Nf8 20. Nd3 Ne8 21. a4
Nd6 22. b3 Bxb5 23. axb5 Ra8 24. Nc1 Bg5 25. Rd3 Rd7 26. Bg2 Bxc1 27. Rxc1 f6
28. Rcd1 Rad8 29. f4 Kf7 30. Kf2 Ke7 31. g4 Ng6 32. e5 fxe5 33. fxe5 Nf7 34.
Rxd7+ Rxd7 35. Rxd7+ Kxd7 36. Bxb7 Ngxe5 37. Kg3 g5 38. Be4 h6 39. h4 Kd6 40.
Bc2 Nd7 41. Bd1 1/2-1/2

[Event "31st 4NCL Congress"]
[Site "Harrogate, North Yorkshire, ENG"]
[Date "2024.01.20"]
[Round "3.10"]
[White "Denderski, Piotr"]
[Black "Henderson, David"]
[Result "1-0"]
[WhiteElo "2210"]
[BlackElo "2115"]
[PlyCount "83"]
[EventDate "2024.01.19"]

1. d4 d5 2. c4 e6 3. Nc3 Nf6 4. cxd5 exd5 5. Bg5 c6 6. Qc2 Be7 7. e3 Nbd7 8.
Bd3 O-O 9. Nge2 Re8 10. O-O Nf8 11. f3 Be6 12. Rad1 h6 13. Bh4 Rc8 14. Bf2 N8d7
15. Nf4 Bd6 16. Nxe6 fxe6 17. Bg6 Re7 18. e4 e5 19. exd5 cxd5 20. Qb3 Nb6 21.
Ne4 exd4 22. Nxd6 Qxd6 23. Bxd4 Nfd7 24. Bb1 Nf8 25. Be4 Qe6 26. Bd3 Nfd7 27.
Qb4 Qf7 28. Rfe1 Rce8 29. Rxe7 Rxe7 30. b3 Ne5 31. Bf1 Nc6 32. Qd2 Nxd4 33.
Qxd4 Qe6 34. a4 a5 35. Rd3 Qc6 36. Rc3 Qg6 37. g3 Re6 38. Rc7 Rd6 39. Rxb7 Nd7
40. Rb5 Qf5 41. f4 Qc2 42. Rxd5 1-0

[Event "31st 4NCL Congress"]
[Site "Harrogate, North Yorkshire, ENG"]
[Date "2024.01.20"]
[Round "3.11"]
[White "Hepworth, Peter"]
[Black "Okhai, Shabir"]
[Result "1/2-1/2"]
[WhiteElo "2029"]
[BlackElo "2241"]
[PlyCount "99"]
[EventDate "2024.01.19"]

1. d4 Nf6 2. Bg5 e6 3. e4 h6 4. Bxf6 Qxf6 5. Nc3 d6 6. Qd2 c6 7. O-O-O e5 8.
dxe5 dxe5 9. g3 Be7 10. f4 O-O 11. Nf3 Rd8 12. Qe3 Rxd1+ 13. Nxd1 Nd7 14. f5
Qd6 15. g4 Qc5 16. Bd3 Qxe3+ 17. Nxe3 b5 18. h4 f6 19. Kd2 Bb7 20. Ke2 Rd8 21.
Rg1 Kf7 22. c3 a6 23. Bc2 c5 24. c4 Nb8 25. g5 hxg5 26. hxg5 Nc6 27. g6+ Ke8
28. Nd5 Nb4 29. Nxb4 cxb4 30. cxb5 axb5 31. Bd3 Bc6 32. Rc1 Kd7 33. Rh1 Kd6 34.
Nd2 Kc7 35. Rh7 Bf8 36. Nf3 Rd7 37. Ne1 Kb6 38. Rh8 Bc5 39. Rg8 Bd4 40. Nc2 Kc5
41. Rc8 Bxb2 42. Nxb4 Kxb4 43. Rxc6 Bd4 44. Rc8 Ra7 45. Rc2 Ra3 46. Kd2 Bc3+
47. Ke3 Bd4+ 48. Kd2 Bc3+ 49. Ke3 Bd4+ 50. Kd2 1/2-1/2

[Event "31st 4NCL Congress"]
[Site "Harrogate, North Yorkshire, ENG"]
[Date "2024.01.20"]
[Round "3.12"]
[White "Cast, Julian"]
[Black "Chan, Sheng Liang Bernard"]
[Result "1/2-1/2"]
[WhiteElo "2024"]
[BlackElo "2180"]
[PlyCount "143"]
[EventDate "2024.01.19"]

1. d4 Nf6 2. Nf3 d5 3. e3 Bf5 4. c4 c6 5. Nc3 e6 6. Be2 Bd6 7. Nh4 Bg6 8. Nxg6
hxg6 9. cxd5 exd5 10. g3 Nbd7 11. Bf3 Qe7 12. Qc2 O-O 13. O-O Rfe8 14. a3 a5
15. Bd2 b5 16. Na2 Rec8 17. Rfc1 Nb6 18. Rab1 Nc4 19. Be1 Rcb8 20. Qd3 b4 21.
a4 b3 22. Nc3 Nb6 23. e4 Bb4 24. exd5 cxd5 25. Bd2 Qd7 26. Bf4 Bd6 27. Be5 Rd8
28. Nb5 Bxe5 29. dxe5 Ne8 30. Qxb3 Rab8 31. Nd4 Nc4 32. Qc3 Nxe5 33. Bd1 Rb4
34. b3 Nd6 35. Nf3 Ng4 36. Ne5 Nxe5 37. Qxe5 Ne4 38. Rc7 Qe8 39. Re7 Qc6 40.
Rc7 Qf6 41. Qxf6 gxf6 42. Rbc1 d4 43. Rc8 Rb8 44. Rxb8 Rxb8 45. Rc4 Rd8 46. Rc1
Nc3 47. Kf1 Rb8 48. Ke1 Kg7 49. f3 f5 50. f4 Kf6 51. Kd2 Nxd1 52. Kxd1 Rxb3 53.
Rc6+ Ke7 54. Rc5 Rb2 55. Rxa5 Ke6 56. Re5+ Kd6 57. Re2 Rb1+ 58. Kc2 Ra1 59. Kb3
Kc6 60. Ra2 Re1 61. Kc4 Re4 62. a5 Kb7 63. a6+ Ka7 64. Kd3 f6 65. Re2 Rxe2 66.
Kxe2 Kxa6 67. Kd3 Kb5 68. Kxd4 Kc6 69. h4 Kd6 70. Kc4 Kc6 71. Kd4 Kd6 72. Kc4
1/2-1/2

[Event "31st 4NCL Congress"]
[Site "Harrogate, North Yorkshire, ENG"]
[Date "2024.01.20"]
[Round "3.13"]
[White "Longson, Sarah N"]
[Black "Skettos, Nicolas"]
[Result "1-0"]
[WhiteElo "2115"]
[BlackElo "2044"]
[PlyCount "39"]
[EventDate "2024.01.19"]

1. e4 c6 2. d4 d5 3. exd5 cxd5 4. Bd3 Nc6 5. c3 Qc7 6. Ne2 e6 7. Bf4 Bd6 8.
Bxd6 Qxd6 9. O-O Nge7 10. Nd2 Bd7 11. Nf3 O-O 12. Ng3 f6 13. Qc2 e5 14. dxe5
fxe5 15. Be2 Ng6 16. Rad1 Nf4 17. Bc4 Qc5 18. Ng5 g6 19. Qe4 h6 20. Rxd5 1-0

[Event "31st 4NCL Congress"]
[Site "Harrogate, North Yorkshire, ENG"]
[Date "2024.01.20"]
[Round "3.15"]
[White "Sasikumar, Srivathsan"]
[Black "Pilley, Jack"]
[Result "1/2-1/2"]
[WhiteElo "1852"]
[BlackElo "2068"]
[PlyCount "75"]
[EventDate "2024.01.19"]

1. e4 c6 2. d4 d5 3. exd5 cxd5 4. c4 Nf6 5. Nc3 Nc6 6. Nf3 a6 7. c5 Bg4 8. Be2
e6 9. Be3 Be7 10. O-O O-O 11. a3 Qc7 12. b4 Rad8 13. Bg5 Ne4 14. Bxe7 Qxe7 15.
Qd3 Bf5 16. Qe3 Bg6 17. Rac1 e5 18. Nxe4 dxe4 19. Nxe5 Nxe5 20. dxe5 Qxe5 21.
Bc4 Qd4 22. Qe2 Rfe8 23. Rfd1 Qe5 24. Rxd8 Rxd8 25. Rd1 Rd4 26. h3 h5 27. Bb3
a5 28. Rxd4 Qxd4 29. Qe3 Qa1+ 30. Kh2 Kh7 31. Bc2 Qb2 32. Qb3 Qe5+ 33. Kg1 Qa1+
34. Kh2 Qe5+ 35. g3 Qf6 36. Kg2 Qf3+ 37. Kg1 Qf5 38. Kg2 1/2-1/2

[Event "31st 4NCL Congress"]
[Site "Harrogate, North Yorkshire, ENG"]
[Date "2024.01.20"]
[Round "3.16"]
[White "Bak, Christopher"]
[Black "Kryshtafor, Maksym"]
[Result "1-0"]
[WhiteElo "2048"]
[BlackElo "1836"]
[PlyCount "101"]
[EventDate "2024.01.19"]

1. c4 e5 2. Nc3 Nf6 3. Nf3 Nc6 4. e3 d5 5. cxd5 Nxd5 6. Qc2 Ndb4 7. Qb1 g6 8.
a3 Nd5 9. Bb5 Nxc3 10. bxc3 Qd5 11. e4 Qd6 12. a4 Bg7 13. Ba3 Qf6 14. d4 exd4
15. cxd4 a6 16. Bxc6+ Qxc6 17. O-O Bg4 18. Rc1 Qb6 19. a5 Qxb1 20. Raxb1 O-O-O
21. d5 Bxf3 22. gxf3 Bf8 23. Bb2 Rg8 24. Bf6 Rd7 25. Rb3 Bd6 26. Rcb1 c6 27.
dxc6 bxc6 28. Rb6 Kc7 29. Rc1 c5 30. Be5 f5 31. Rxc5+ Kd8 32. Bxd6 Ke8 33. e5
Kf7 34. Rxa6 Rgd8 35. Kg2 h5 36. e6+ Kxe6 37. Bc7+ Ke7 38. Bxd8+ Kxd8 39. Rxg6
Ke7 40. Rg7+ Kd6 41. Rxd7+ Kxc5 42. a6 f4 43. a7 h4 44. a8=Q h3+ 45. Kxh3 Kb6
46. Qb7+ Kc5 47. Rd5+ Kc4 48. Qb5+ Kc3 49. Rd3+ Kc2 50. Qb3+ Kc1 51. Rd1# 1-0

[Event "31st 4NCL Congress"]
[Site "Harrogate, North Yorkshire, ENG"]
[Date "2024.01.20"]
[Round "3.17"]
[White "Nicholson, Jim WR"]
[Black "Mesesan, Mircea-Marius"]
[Result "0-1"]
[WhiteElo "2063"]
[BlackElo "2026"]
[PlyCount "52"]
[EventDate "2024.01.19"]

1. d4 Nf6 2. Nf3 g6 3. Bg5 Bg7 4. Nbd2 d5 5. e3 O-O 6. Bd3 Nbd7 7. O-O c5 8. c3
Qb6 9. Rb1 Re8 10. b4 cxd4 11. cxd4 e5 12. dxe5 Nxe5 13. Nxe5 Rxe5 14. Nf3 Bg4
15. Bf4 Re4 16. Qb3 Bxf3 17. gxf3 Rxf4 18. exf4 Nh5 19. Rfd1 Nxf4 20. Bf1 Bd4
21. Rd2 Rc8 22. Rc2 Re8 23. Qa4 Re5 24. Qd7 Kg7 25. Rc8 Bxf2+ 26. Kh1 Qe3 0-1

[Event "31st 4NCL Congress"]
[Site "Harrogate, North Yorkshire, ENG"]
[Date "2024.01.20"]
[Round "3.18"]
[White "Latypova, Olga L"]
[Black "Zhu, Yaoyao"]
[Result "0-1"]
[WhiteElo "1917"]
[BlackElo "2067"]
[PlyCount "188"]
[EventDate "2024.01.19"]

1. e4 e5 2. Nf3 Nc6 3. Bc4 Bc5 4. c3 Nf6 5. d3 a6 6. Nbd2 d6 7. a4 Ba7 8. Bb3
O-O 9. O-O h6 10. h3 Be6 11. Bc2 d5 12. exd5 Bxd5 13. Qe2 Re8 14. Ne4 a5 15.
Rd1 Qe7 16. Nfd2 Qe6 17. Nxf6+ Qxf6 18. Ne4 Qg6 19. Qg4 Qxg4 20. hxg4 f6 21.
Kf1 Rad8 22. f3 Ne7 23. Ng3 Be6 24. Re1 Rd7 25. Bd2 Red8 26. Ne4 Bd5 27. Be3
Bxe4 28. dxe4 Bxe3 29. Rxe3 Rd2 30. Bb3+ Kf8 31. Re2 Ng6 32. g3 Ke7 33. Ke1
R2d3 34. Kf2 Nf8 35. Bc4 R3d6 36. Rb1 Rd1 37. Rxd1 Rxd1 38. Bb3 Rd6 39. Ke3 Nd7
40. Bc2 Rb6 41. Bd1 Nc5 42. Rd2 Rd6 43. Rxd6 Kxd6 44. b4 axb4 45. cxb4 Na6 46.
b5 Nc5 47. a5 c6 48. bxc6 Kxc6 49. Be2 Kc7 50. Bc4 Kb8 51. Kd2 Ka7 52. Kc3 Nd7
53. Bb5 Nf8 54. Be2 Ne6 55. Kb4 Nd4 56. Bd1 b6 57. axb6+ Kxb6 58. Kc4 Kc6 59.
Kd3 Kc5 60. Ke3 Nc6 61. Ba4 Nd4 62. Bd1 Kc4 63. Ba4 Kc3 64. f4 g5 65. fxe5 fxe5
66. Be8 Nc2+ 67. Kf3 Kd4 68. Bg6 Na3 69. Bf5 Nc4 70. Ke2 Nd6 71. Kf3 Kd3 72.
Bd7 Kd4 73. Bf5 Ne8 74. Bh7 Nf6 75. Bg6 Kd3 76. Bf7 Nd7 77. Be6 Nb6 78. Bf7 Nc4
79. Bg6 Kd4 80. Ke2 Ne3 81. Kf3 Nf1 82. Ke2 Nxg3+ 83. Kf3 Nf1 84. Ke2 Ne3 85.
Bf5 Nc4 86. Bg6 Nd6 87. Kf3 Kd3 88. Bh5 Kd2 89. Bg6 Nb5 90. Bf7 Nd4+ 91. Kf2
Kd3 92. Bg6 Nb3 93. Bf5 Nd2 94. Bg6 Kd4 0-1

[Event "31st 4NCL Congress"]
[Site "Harrogate, North Yorkshire, ENG"]
[Date "2024.01.20"]
[Round "3.19"]
[White "Doran, Chris"]
[Black "Sheppard, Derek A"]
[Result "1-0"]
[WhiteElo "2002"]
[BlackElo "1703"]
[PlyCount "57"]
[EventDate "2024.01.19"]

1. e4 c5 2. Nf3 e6 3. Nc3 Nc6 4. d4 cxd4 5. Nxd4 Nf6 6. Ndb5 d6 7. Bf4 e5 8.
Bg5 a6 9. Na3 b5 10. Bxf6 Qxf6 11. Nd5 Qd8 12. Bxb5 axb5 13. Nxb5 Qa5+ 14. c3
Rb8 15. b4 Qxb5 16. Nc7+ Kd8 17. Nxb5 Rxb5 18. Qa4 Rb6 19. b5 Nb8 20. O-O Be7
21. c4 Nd7 22. Qa7 Rb7 23. Qa5+ Rb6 24. Rfd1 Kc7 25. a4 Nc5 26. Qb4 Be6 27. a5
Rbb8 28. b6+ Kc8 29. a6 1-0

[Event "31st 4NCL Congress"]
[Site "Harrogate, North Yorkshire, ENG"]
[Date "2024.01.20"]
[Round "3.20"]
[White "Pitel, Benedikt"]
[Black "Garnett, John S"]
[Result "0-1"]
[WhiteElo "1872"]
[BlackElo "1949"]
[PlyCount "58"]
[EventDate "2024.01.19"]

1. e4 d5 2. exd5 Nf6 3. d4 Bg4 4. Nf3 Qxd5 5. Be2 Nc6 6. O-O O-O-O 7. c4 Qf5 8.
Be3 e5 9. d5 e4 10. Nd4 Nxd4 11. Bxg4 Nxg4 12. Qxd4 c5 13. Qc3 Bd6 14. h3 Nxe3
15. Qxe3 Qe5 16. g3 f5 17. Nc3 g5 18. Rfe1 h5 19. Nb5 h4 20. Qxg5 hxg3 21. fxg3
Rxh3 22. Nxd6+ Rxd6 23. Kg2 Rdh6 24. Qg8+ Kc7 25. d6+ Kb6 26. Re2 Rh2+ 27. Kf1
Rh1+ 28. Kf2 Qd4+ 29. Re3 R6h2# 0-1

[Event "31st 4NCL Congress"]
[Site "Harrogate, North Yorkshire, ENG"]
[Date "2024.01.20"]
[Round "3.21"]
[White "Baer, Bruce L"]
[Black "Patel, Keatan"]
[Result "1-0"]
[WhiteElo "2090"]
[BlackElo "1950"]
[PlyCount "125"]
[EventDate "2024.01.19"]

1. g3 Nf6 2. Bg2 d5 3. d3 c5 4. Nf3 h6 5. O-O Bf5 6. Nbd2 e6 7. b3 Be7 8. Bb2
Nc6 9. Ne5 Nxe5 10. Bxe5 O-O 11. e4 dxe4 12. dxe4 Bh7 13. f4 Nd7 14. Bb2 Qc7
15. Nc4 b5 16. Ne5 Nxe5 17. Bxe5 Qb6 18. Qg4 f6 19. Bb2 c4+ 20. Kh1 Rac8 21. f5
e5 22. Qe2 Rfd8 23. g4 cxb3 24. axb3 Rd7 25. Rfd1 Rcd8 26. Rxd7 Rxd7 27. Bf1 a6
28. Qe1 Kh8 29. Bd3 Bg8 30. Qg3 Qd6 31. g5 Bxb3 32. gxh6 gxh6 33. Rg1 Bf8 34.
cxb3 Rg7 35. Qf3 Rxg1+ 36. Kxg1 Qb4 37. Qd1 a5 38. Ba1 a4 39. bxa4 bxa4 40. Kf1
a3 41. Qc1 Qd6 42. Ke2 Kg7 43. Qg1+ Kf7 44. Qg6+ Ke7 45. Qh7+ Kd8 46. Qb7 Qc5
47. Qb8+ Ke7 48. Qb7+ Kd8 49. Qd5+ Kc7 50. Qxc5+ Bxc5 51. Kd2 Bb4+ 52. Kc2 Kb6
53. Kb3 Kc5 54. Be2 a2 55. Kxa2 Bd2 56. Kb3 Ba5 57. Bc3 Bd8 58. Kc2 Kc6 59. Bd2
Kd7 60. Bxh6 Ke7 61. Bc4 Bb6 62. h4 Bf2 63. h5 1-0

[Event "31st 4NCL Congress"]
[Site "Harrogate, North Yorkshire, ENG"]
[Date "2024.01.20"]
[Round "3.22"]
[White "Hutchinson, Paul A"]
[Black "Ganti, Shriaansh"]
[Result "1-0"]
[WhiteElo "2081"]
[BlackElo "1854"]
[PlyCount "99"]
[EventDate "2024.01.19"]

1. d4 Nf6 2. Nc3 d5 3. Bf4 c6 4. e3 Bf5 5. f3 e6 6. g4 Bg6 7. h4 h5 8. g5 Nfd7
9. Bd3 Bxd3 10. Qxd3 Nb6 11. g6 Qf6 12. gxf7+ Qxf7 13. O-O-O Na6 14. Nh3 Be7
15. Ng5 Qf5 16. Rdg1 Qxd3 17. cxd3 Bxg5 18. Rxg5 Kf7 19. Rhg1 Rh7 20. Kd2 Nd7
21. b4 b5 22. Rb1 Nab8 23. Bc7 Nb6 24. Ne2 N8d7 25. Nf4 Nf6 26. Ng6 Nbd7 27.
Rc1 Rc8 28. Bd6 Ne8 29. Bc5 Ra8 30. Rc3 Rh6 31. Nf4 g6 32. Rg1 a6 33. Nh3 Ng7
34. Ng5+ Ke8 35. e4 Nxc5 36. Rxc5 Rc8 37. Rgc1 Kd7 38. Nf7 Rh7 39. Ne5+ Ke7 40.
Nxc6+ Kf6 41. Ne5 Re8 42. Rc7 Re7 43. Rxe7 Kxe7 44. Rc7+ Kf8 45. Nxg6+ Kg8 46.
Rc8+ Kf7 47. Ne5+ Ke7 48. Rc7+ Kf8 49. Ra7 Rh6 50. Rxa6 1-0

[Event "31st 4NCL Congress"]
[Site "Harrogate, North Yorkshire, ENG"]
[Date "2024.01.20"]
[Round "3.23"]
[White "Lampard, Alice"]
[Black "Alldritt, Nigel RE"]
[Result "0-1"]
[WhiteElo "1963"]
[BlackElo "2072"]
[PlyCount "80"]
[EventDate "2024.01.19"]

1. d4 Nf6 2. c4 g6 3. Nc3 d5 4. Nf3 Bg7 5. Qb3 dxc4 6. Qxc4 O-O 7. e4 Nc6 8.
Be2 Bg4 9. Be3 Nd7 10. O-O Nb6 11. Qd3 Bxf3 12. Bxf3 Nxd4 13. Bxd4 Qxd4 14.
Rfd1 Qxd3 15. Rxd3 Rfd8 16. Rxd8+ Rxd8 17. Rd1 Rxd1+ 18. Nxd1 Nc4 19. Be2 Nxb2
20. Nxb2 Bxb2 21. Kf1 Kg7 22. Bc4 e6 23. Ke2 Kf6 24. f4 e5 25. g3 Ke7 26. Kd3
f6 27. Bb3 exf4 28. gxf4 Bc1 29. f5 g5 30. Bd1 Kd6 31. Kc2 Bf4 32. h3 Kc5 33.
Kd3 Be5 34. Bb3 h5 35. Bd1 h4 36. Bh5 Kb4 37. Ke3 Kc3 38. Kf3 Kd3 39. Bf7 c5
40. Be8 c4 0-1

[Event "31st 4NCL Congress"]
[Site "Harrogate, North Yorkshire, ENG"]
[Date "2024.01.20"]
[Round "3.24"]
[White "Flynn, David"]
[Black "Brencher, Paul"]
[Result "1/2-1/2"]
[WhiteElo "1907"]
[BlackElo "2009"]
[PlyCount "118"]
[EventDate "2024.01.19"]

1. e4 e6 2. d4 d5 3. Bd3 dxe4 4. Bxe4 Nf6 5. Bf3 c5 6. Ne2 Nc6 7. Be3 cxd4 8.
Nxd4 Qc7 9. Nc3 a6 10. O-O Nxd4 11. Bxd4 Be7 12. Na4 Bd7 13. Bb6 Qc8 14. Nc3
Bc6 15. a3 O-O 16. Qe2 Nd7 17. Bd4 Qc7 18. Bxc6 Qxc6 19. Ne4 Rac8 20. Rac1 e5
21. Bc3 f5 22. Ng3 g6 23. Rfd1 Rcd8 24. Nf1 e4 25. Nd2 Nb6 26. Ba5 Bf6 27. c3
Rd3 28. Nf1 Nc4 29. Bb4 Rfd8 30. Ne3 Nxe3 31. fxe3 Bg5 32. Rxd3 Rxd3 33. Rd1
Rxd1+ 34. Qxd1 Bxe3+ 35. Kh1 Bb6 36. Qb3+ Kg7 37. c4 Bd4 38. Bc3 Bxc3 39. Qxc3+
Qf6 40. Qd2 Qc6 41. Qd4+ Qf6 42. Qd7+ Qf7 43. Qd4+ Kh6 44. h3 Qe6 45. Qe3+ g5
46. h4 f4 47. hxg5+ Kxg5 48. Qd4 Qg6 49. Qd5+ Kh4 50. Qd8+ Kg3 51. Kg1 e3 52.
Qd1 Qe4 53. Qe1+ Kg4 54. Qd1+ e2 55. Qd7+ Qf5 56. Qg7+ Kh5 57. Kf2 Qc5+ 58.
Kxe2 Qxc4+ 59. Kf3 Qd3+ 1/2-1/2

[Event "31st 4NCL Congress"]
[Site "Harrogate, North Yorkshire, ENG"]
[Date "2024.01.21"]
[Round "4.1"]
[White "Sarakauskas, Gediminas"]
[Black "Badacsonyi, Frankie"]
[Result "1/2-1/2"]
[WhiteElo "2464"]
[BlackElo "2201"]
[PlyCount "43"]
[EventDate "2024.01.19"]

1. d4 d5 2. c4 e6 3. Nf3 a6 4. cxd5 exd5 5. Nc3 Nf6 6. Bg5 Be6 7. e3 Nbd7 8.
Bd3 Bd6 9. O-O c6 10. Qc2 Qc7 11. Ne2 Bg4 12. Bf4 O-O 13. b4 Rfc8 14. Rab1 Bxf4
15. Nxf4 Qd6 16. Nd2 a5 17. bxa5 c5 18. dxc5 Rxc5 19. Qb2 Rcxa5 20. Ra1 g5 21.
Ne2 Nc5 22. Bb5 1/2-1/2

[Event "31st 4NCL Congress"]
[Site "Harrogate, North Yorkshire, ENG"]
[Date "2024.01.21"]
[Round "4.2"]
[White "Wells, Peter K"]
[Black "Arkell, Keith C"]
[Result "1/2-1/2"]
[WhiteElo "2347"]
[BlackElo "2424"]
[PlyCount "35"]
[EventDate "2024.01.19"]

1. d4 e6 2. Nf3 Nf6 3. c4 Bb4+ 4. Nbd2 c5 5. a3 Bxd2+ 6. Bxd2 cxd4 7. Nxd4 Ne4
8. Be3 O-O 9. g3 d5 10. Bg2 Nc6 11. O-O Bd7 12. cxd5 exd5 13. Rc1 Re8 14. Nb5
Bf5 15. Bf4 Re7 16. Nd4 Bd7 17. Nb3 Bf5 18. Nd4 1/2-1/2

[Event "31st 4NCL Congress"]
[Site "Harrogate, North Yorkshire, ENG"]
[Date "2024.01.21"]
[Round "4.3"]
[White "Fava, Lorenzo"]
[Black "Jackson, Edward"]
[Result "1-0"]
[WhiteElo "2245"]
[BlackElo "2286"]
[PlyCount "99"]
[EventDate "2024.01.19"]

1. e4 c6 2. d4 d5 3. exd5 cxd5 4. Bd3 Nc6 5. c3 Nf6 6. h3 e5 7. dxe5 Nxe5 8.
Nf3 Nxd3+ 9. Qxd3 Bd6 10. O-O O-O 11. Bg5 Be6 12. Nbd2 h6 13. Bh4 Be7 14. Nd4
Nh5 15. Bxe7 Qxe7 16. N2f3 Qf6 17. Qe3 Rfe8 18. Nxe6 Rxe6 19. Qd4 Qf5 20. Qg4
Qxg4 21. hxg4 Nf6 22. g5 hxg5 23. Nxg5 Re2 24. Rab1 Rae8 25. Nf3 Nd7 26. Rfe1
R2e4 27. Kf1 Nb6 28. b3 Rc8 29. Rbc1 f6 30. Nd4 Re5 31. Nf3 Re4 32. Re2 Kf7 33.
Ke1 g5 34. Kd2 Rh8 35. Rce1 g4 36. Nd4 Rh2 37. g3 Rxe2+ 38. Rxe2 Rh5 39. Ne6
Rh7 40. Kd3 Kg8 41. Kd4 Rd7 42. Nc5 Rh7 43. Re8+ Kf7 44. Rb8 Rh2 45. Rxb7+ Kg6
46. Nd3 Nc8 47. Kxd5 Kf5 48. Kd4 Ke6 49. Rc7 Nd6 50. Nf4+ 1-0

[Event "31st 4NCL Congress"]
[Site "Harrogate, North Yorkshire, ENG"]
[Date "2024.01.21"]
[Round "4.4"]
[White "Pal, Rohan"]
[Black "Bulford, Michael"]
[Result "0-1"]
[WhiteElo "2111"]
[BlackElo "2247"]
[PlyCount "100"]
[EventDate "2024.01.19"]

1. e4 e5 2. Bc4 Bc5 3. d3 d6 4. Nf3 Nc6 5. c3 Qf6 6. Be3 Nge7 7. Nbd2 h6 8. b4
Bb6 9. a4 a5 10. Bxb6 cxb6 11. b5 Nb8 12. Nf1 Be6 13. Ne3 Nd7 14. d4 Bxc4 15.
Nxc4 Qe6 16. Qd3 Rc8 17. Ncd2 O-O 18. O-O Rc7 19. c4 Ng6 20. g3 Qf6 21. Kg2
Rfc8 22. Rfe1 exd4 23. Qxd4 Qe6 24. Rad1 Nc5 25. Ra1 Ne5 26. Nxe5 dxe5 27. Qd5
Rd7 28. Qxe6 Nxe6 29. Ra2 Nc5 30. Re2 Rcd8 31. Nf3 f6 32. Rad2 Nxa4 33. Rxd7
Rxd7 34. Rc2 Nc5 35. Nd2 Kf7 36. Kf3 Ke7 37. Nf1 Rd4 38. Ne3 Kd8 39. Nd5 Nxe4
40. Nxb6 Kc7 41. Nd5+ Kd6 42. Ne3 Kc5 43. Ra2 b6 44. h4 Nd6 45. Rc2 h5 46. Ke2
g6 47. Nd5 f5 48. Ne7 Rxc4 49. Rxc4+ Nxc4 50. Nxg6 a4 0-1

[Event "31st 4NCL Congress"]
[Site "Harrogate, North Yorkshire, ENG"]
[Date "2024.01.21"]
[Round "4.5"]
[White "Townsend, M Paul"]
[Black "Longson, Sarah N"]
[Result "1-0"]
[WhiteFideId "402320"]
[BlackFideId "2501465"]
[WhiteElo "2264"]
[BlackElo "2115"]
[PlyCount "83"]
[EventDate "2024.01.19"]

1. d4 d5 2. c4 c6 3. cxd5 cxd5 4. Nc3 Nf6 5. Bf4 Nc6 6. e3 a6 7. Rc1 e6 8. Bd3
Bd6 9. Bxd6 Qxd6 10. f4 Bd7 11. Nf3 O-O 12. O-O b5 13. Ne5 Rac8 14. a4 b4 15.
Nb1 Na5 16. Nxd7 Nxd7 17. Qe2 Nb6 18. Bxa6 Rxc1 19. Rxc1 Nbc4 20. Bxc4 dxc4 21.
Nd2 Rc8 22. Ne4 Qd5 23. Nc5 f5 24. Qe1 Nc6 25. Rd1 Rb8 26. Qe2 Rc8 27. Kf2 Rb8
28. Qf3 Kf7 29. g4 Qxf3+ 30. Kxf3 fxg4+ 31. Kxg4 Ne7 32. Kf3 c3 33. bxc3 bxc3
34. Rc1 Rb2 35. Rxc3 Rxh2 36. a5 Ra2 37. a6 Nd5 38. Rb3 h5 39. e4 Ne7 40. Kg3
h4+ 41. Kxh4 Ng6+ 42. Kg3 1-0

[Event "31st 4NCL Congress"]
[Site "Harrogate, North Yorkshire, ENG"]
[Date "2024.01.21"]
[Round "4.6"]
[White "Larchikov, Maksym"]
[Black "Burnett, Andrew"]
[Result "0-1"]
[WhiteElo "2129"]
[BlackElo "2244"]
[PlyCount "112"]
[EventDate "2024.01.19"]

1. d4 Nf6 2. c4 g6 3. Nc3 Bg7 4. e4 d6 5. Nf3 O-O 6. Be2 Bg4 7. O-O e5 8. d5 a5
9. Be3 Na6 10. Ne1 Bxe2 11. Qxe2 Nd7 12. Nd3 f5 13. f3 Nb4 14. b3 b6 15. a3
Nxd3 16. Qxd3 f4 17. Bf2 Bf6 18. b4 Bh4 19. Qe2 h5 20. Na4 Bxf2+ 21. Qxf2 Qe7
22. Nb2 g5 23. Nd3 Rf7 24. c5 g4 25. cxd6 cxd6 26. Rac1 Rg7 27. Qe2 Nf6 28. Kh1
h4 29. fxg4 Nxg4 30. Nf2 Ne3 31. Rg1 Qg5 32. Qf3 axb4 33. axb4 Ra2 34. Nh3 Qh6
35. Nf2 Rg3 36. Rc8+ Kf7 37. Rc7+ Kf6 38. Rd7 Rxf3 39. gxf3 Qf8 40. Nh3 Rg2 41.
Rxg2 Nxg2 42. Kxg2 Qg8+ 43. Kf1 Qc8 44. Rxd6+ Kg7 45. Nf2 Qc4+ 46. Kg2 Qxb4 47.
Rc6 Qd2 48. h3 b5 49. Rb6 b4 50. d6 Kf7 51. d7 Ke7 52. Rb5 Qc3 53. Rd5 Kd8 54.
Nd3 Qd2+ 55. Kf1 b3 56. Nxe5 Qxd5 0-1

[Event "31st 4NCL Congress"]
[Site "Harrogate, North Yorkshire, ENG"]
[Date "2024.01.21"]
[Round "4.7"]
[White "Murawski, Jan"]
[Black "Denderski, Piotr"]
[Result "0-1"]
[WhiteElo "2101"]
[BlackElo "2210"]
[PlyCount "70"]
[EventDate "2024.01.19"]

1. d4 Nf6 2. c4 c5 3. d5 e6 4. Nc3 exd5 5. cxd5 d6 6. e4 g6 7. f4 Bg7 8. Bb5+
Nfd7 9. Nf3 a6 10. Bd3 b5 11. a4 b4 12. Nb1 a5 13. Nbd2 Nb6 14. Ra2 Ba6 15. Qe2
O-O 16. O-O Re8 17. Bxa6 Nxa6 18. Nc4 b3 19. Ra3 Nb4 20. Nxb6 Qxb6 21. Qc4 Qa6
22. Qxa6 Rxa6 23. Nd2 Nd3 24. e5 dxe5 25. Rxb3 Nxf4 26. Ne4 Nxd5 27. Nxc5 Rc6
28. Rb5 e4 29. Rd1 Nc7 30. Rxa5 e3 31. Re1 e2 32. Nb3 Rb6 33. Nc5 Bd4+ 34. Kh1
Rf6 35. g3 Rf1+ 0-1